| 000 | 00675nam a2200133Ia 4500 | ||
|---|---|---|---|
| 008 | 171212s9999 xx 000 0 und d | ||
| 020 | _a9780833078049 | ||
| 100 | _aSorbero, Melony E.;Olmsted, Stuart S.;Gonzalez Morganti, Kristy;Burns, Rachel M.;Haas, Ann C. | ||
| 245 |
_cSorbero, Melony E.;Olmsted, Stuart S.;Gonzalez Morganti, Kristy;Burns, Rachel M.;Haas, Ann C. _aImproving the Deployment of Army Health Care Professionals _bAn Evaluation of PROFIS |
||
| 260 |
_bRAND Corporation _c2013 |
||
| 650 | _aHealth Sciences | ||
| 650 | _aUnited States. Army -- Medical personnel; United States. Army -- Personnel management | ||
| 856 | _uwww.jstor.org/stable/10.7249/j.ctt3fh1p6 | ||
| 999 |
_c352206 _d352206 |
||